000 00475nam a22001817a 4500
999 _c12331
_d12331
008 230303b 2015 ||||| |||| 00| 0 eng d
020 _a9788190233388
082 _a623.87
_bSRI
100 _aSrinivasan, T. B.
245 _aMarine machinery : Operation and Maintenance
250 _a2nd ed.
260 _aMumbai
_bIME (India)
_c2015
300 _a231p.
650 _aAir compressors
650 _aSteering Gear Systems
650 _aHeat Exchangers
942 _cBK